| 000 | 00759nam a22002177a 4500 | ||
|---|---|---|---|
| 005 | 20171025105358.0 | ||
| 008 | 170805b xxu||||| |||| 00| 0 eng d | ||
| 020 | _a9780198399148 | ||
| 050 |
_aQD 33 _b.G162 2014 |
||
| 100 | _aGallagher, RoseMarie | ||
| 245 |
_aComplete chemistry for Cambridge IGCSE / _cRoseMarie Gallagher |
||
| 250 | _aThird edition | ||
| 260 |
_aOxford : _bOxford University Press, _cc2014 |
||
| 300 |
_a331 pages : _bcolor illustrations ; _c28 cm. |
||
| 500 | _aIncludes index. | ||
| 650 |
_2Library of Congress Classification _aChemistry _vExaminations _xStudy guides |
||
| 650 |
_2Library of Congress Classification _aChemistry _vProblems, exercises, etc. |
||
| 700 | _aIngram, Paul | ||
| 942 |
_2lcc _cBK |
||
| 999 |
_c340924 _d340924 |
||